00631nam a2200181 i 4500001000700000003000700007005001700014008004100031080003500072100002200107245004800129260003800177300003700215490003600252600003500288830003600323852009000359188329SpMaBN20230906223154.0180807s1927 fr |||| |bfre d a929 Enrique IV, Rey de Francia1 aLanux, Pierre de.13aLa vie de Henri IV / cpar Pierre de Lanux. aParis : bLib. Gallimard, c1927. a215 p., [1] de lám. ; c19 cm.1 aVies des hommes illustres ; v507aEnrique bIV cRey de Francia.0 aVies des hommes illustres ; v5 aES-MaACLjL-32232 z. - Donat. herederos de la bibl. de Mª del Pilar Costa Palacín